Statystyki dla TOP 100 POLSKI RAP/TRAP/HIP-HOP

Kliknij tutaj aby rozwiązać quiz!

Ogólne statystyki

  • Ten quiz został rozwiązany 270 razy
  • Średni wynik to 45 z 100

Statystyki odpowiedzi

MiejsceWykonawcaUtwór% Poprawnych
39GUZIOR ft. Oskar83F A L A
93%
18White 2115California
88%
1Tymek ft. Big ScytheJęzyk ciała
88%
2GrubSonNa szczycie
83%
21EKIPA3KIPA
79%
8Deemz, Bedoes, PlanBeEldorado
74%
57MataPatointeligencja
74%
4Quebonafide ft.ReToHalf dead
73%
51MataSchodki
72%
26TACONAFIDE ft. Bedoes8 kobiet
71%
20QBIK4 Pory Roku
70%
10PaluchSzaman
70%
11TaconafideTamagotchi
70%
97EKIPA ft.JacuśZYGZAK
70%
6TYMEK FIT.BIG SCYTHE, DEYSAnioły i demony
69%
19SobelImpreza
69%
74MataPatoreakcja
68%
15OtsochodziNie, Nie
66%
44GUZIORB L U E B E R R Y
65%
13Quebonafide ft.Klaudia SzafrańskaCandy
65%
31EKIPA x WIP BROSPRZEJMUJEMY JUTUBY
65%
17ReToUA
65%
46chillwagon (słownie)Małpa
63%
34Young IgiBestia
62%
55SobelFiołkowe pole
62%
14TymekPoza kontrolą
59%
7TYMEK FIT.TRILL PEM, TEDERainman
59%
25Popek x MatheoWodospady
59%
24SariusWiking
58%
61Malik Montana & Mr.PolskaJagodzianki
56%
38SzpakuHinata
54%
54Wiatr ft. be vis, SobelTestarossa
54%
42TACONAFIDEKryptowaluty
53%
43Otsochodzi ft. Taco HemingwayNowy kolor
53%
60ReToBilly Kid
52%
27Ganja MafiaMój ziomek
52%
49ReTo ft. QuebonafideSorry Dolores
52%
29BLACHACasablanca
51%
36Young IgiMówiłaś
51%
87Bedoes&Kubi Producent ft. Golec uOrkeistraJanosik
50%
63Malik Montana ft. K KokeRobię Yeah
50%
33KALI30KMH
49%
45ReToBossman
49%
28Gang AlbaniiDla prawdziwych dam
49%
22ZBUKU ft.Śliwa, SztossMłoda krew
49%
41GUZIORPłuca Zlepione Topami
49%
5PaluchBez Strachu
48%
30Bedoes, LanekJesteś ładniejsza niż na zdjęciach
48%
16BLACHAMademoiselle
48%
9K2 ft.Buka1 moment
47%
92SB MaffijaA nie pamiętasz jak?
42%
72ŻabsonKsiężniczki
42%
3KaeN ft.Cheeba, WdoWAZbyt wiele
42%
69GedzBali
41%
40Bedoes & Kubi Producent05:05
39%
12PaluchGdybyś kiedyś
38%
84Beteo ft.ReToMeow
38%
80Gang AlbaniiNapad na bank
38%
53Szpaku ft. WłodiOddajemy krew Wampirom
37%
83ReToRS7
37%
100GuziorWIFI
37%
76Smolasty ft. BiałasFake Love
36%
81KabeNad ranem
36%
73GUZIOR ft. SzpakuNinja
36%
35ChadaŻyć aż do bólu
36%
66Taco HemingwayDeszcz na betonie
34%
52Paluch ft. SzpakuKontrola Jakości
34%
64Smolasty ft.OtsochodziUzależniony
34%
47SokółChcemy być wyżej
33%
48SitekChcemy Być Wyżej
33%
89White 2115Mogę dziś umierać
33%
50ZBUKUDo końca
32%
75ŻabsonFloyd Mayweather
32%
78kartkykoszmar minionego lata
31%
96MIYO ft.TymekBędzie lepiej
30%
79SzpakuUFO
29%
23ReToPapierosy_rmx
28%
86Ganja MafiaPole Marysi
28%
95Kubi Producent ft. Beteo, ReTo, SilesBad boy
27%
56Gang AlbaniiAlbański raj
26%
32Sobota, Matheo gośc. Buczer, BezczelJeszcze będzie hajc
25%
62Paluch ft. SłońBalans
24%
99Taco HemingwayFiji
24%
67QBIKTaka Dama
24%
71PaluchCARDIO
21%
93Rozbójnik Alibaba ft.Chada, Kroolik UnderwoodZosia
21%
37Szpaku#hot16challenge2
19%
91KALI, PALUCHOPARY
19%
70SobotaPrzepraszam
18%
82Sokół ft. Pono, Fred & Franek KimonoW aucie
17%
59PaluchDYM
16%
58Ganja Mafia gość JustynaGdy Ujrzałem Drogę
16%
68Buka & Rahim ft. Natalia NykielObiecuję Ci
16%
94Popek, Kali, Rozbójnik AlibabaBraci się nie traci
15%
98MataKiss cam(podryw roku)
13%
90SobotaJebać miłość
12%
77KęKęWyjebane (Tak mocno)
11%
85Donatan ft.Borixon, KajmanNie Lubimy Robić
8%
88Rozbójnik Alibaba ft.Pono, Kazan, LauraW sieci
8%
65POPEK MONTERDIRTY DANA
3%

Rozkład punktacji

Percentyl według liczby udzielonych odpowiedzi

Procent ludzi z każdym wynikiem

Twoja historia wyników

Nie rozwiązałeś tego quizu